A munkahelyi stressz és kezelése, módszerek, stratégiák egyéni és szervezeti szinten

Bibliographic Details
Main Author: Györgydeák Edit
Other Authors: Thuma Dr. Orsolya
Format: Final Paper
Kulcsszavak:munkahelyi stressz
Online Access:http://dolgozattar.uni-bge.hu/20981

MARC

LEADER 00000nta a2200000 i 4500
001 dolg20981
005 20190513123613.0
008 190513suuuu hu o 000 hun d
040 |a BGE Dolgozattár Repozitórium  |b hun 
041 |a hu 
100 1 |a Györgydeák Edit 
245 1 2 |a A munkahelyi stressz és kezelése, módszerek, stratégiák egyéni és szervezeti szinten  |c Györgydeák Edit  |h [elektronikus dokumentum] 
246 1 1 |a A munkahelyi stressz és kezelése, módszerek, stratégiák egyéni és szervezeti szinten 
516 |a Final_paper 
695 |a munkahelyi stressz 
700 1 |a Thuma Dr. Orsolya  |e ths 
856 4 0 |u http://dolgozattar.uni-bge.hu/20981/1/Gyorgydeak_Edit_szakdolgozat_2019.pdf  |z Dokumentum-elérés